Štruktúrne zmeny v ekonomike SR autoreferát dizertácie na získanie vedeckej hodnosti kandidáta ekonomických vied

Na minha lista:
Detalhes bibliográficos
Autor principal: Fifeková, Elena
Autor Corporativo: Ekonomická univerzita v Bratislave. Národohospodárska fakulta
Formato: Livro
Idioma:eslovaco
Publicado em: Bratislava 1998
Assuntos:
Tags: Adicionar Tag
Sem tags, seja o primeiro a adicionar uma tag!

MARC

LEADER 00000nam a2200000 4500
001 c103261
005 20221123133535.1
041 0 |a slo 
044 |a SK 
245 1 0 |a Štruktúrne zmeny v ekonomike SR  |b autoreferát dizertácie na získanie vedeckej hodnosti kandidáta ekonomických vied  |c Elena Fifeková 
264 1 |a Bratislava  |c 1998 
300 |a 20 s. 
610 2 0 |a zmeny štruktúrne 
610 2 0 |a Slovensko 
610 2 0 |a hospodárstvo národné 
610 2 0 |a analýza štruktúrna 
610 2 0 |a rast hospodársky 
610 2 0 |a rast hospodársky dynamický 
100 1 |a Fifeková, Elena 
710 2 |a Ekonomická univerzita v Bratislave. Národohospodárska fakulta